000 00649nam a2200205 a 4500
005 20140412111352.0
008 050425s19uu xx 00 eng d
020 _a0-02-660844-8
050 _aTR(GS 372.4
_bK668 2000
100 _aKlausner, Janet
245 _aThe bug :
_bdecodable book /
_cby Janet Klausner ; illustrated by Deborah Colving Borgo.
260 _aColumbus, Ohio :
_bSRA/McGraw-Hill,
_c2000.
300 _a8 p. ; ill.
440 _aSRA Open Court Reading
500 _aLevel B, Set 1, Book 18
650 _aReading
_xPhonetics
_xJuvenile literature
650 _aBugs
_xFiction
650 _aChildren stories
999 _c105341
_d105341